Lanean...
Floral biology
| Egile nagusia: | |
|---|---|
| Formatua: | Printed Book |
| LEADER | 00278nam a22000977a 4500 | ||
|---|---|---|---|
| 100 | |a Percival | ||
| 245 | |a Floral biology | ||
| 300 | |a | ||
| 942 | |2 ddc |c BK | ||
| 999 | |c 294453 |d 294453 | ||
| 952 | |0 0 |1 0 |4 0 |7 0 |9 334936 |a BOT |b BOT |c ST1 |d 2010-09-25 |i 3661 |l 2 |m 1 |p BOT3661 |r 2010-12-23 |s 2010-12-23 |w 2010-09-25 |y BK | ||